Loading...
Methodology of educational research
| Hovedforfatter: | |
|---|---|
| Format: | Printed Book |
| Sprog: | English |
| Udgivet: |
New Delhi, Vikas Publishing House Pvt Ltd
1997 |
| Udgivelse: | Ed.3 rev |
| Fag: |
| LEADER | 005450000a22001930004500 | ||
|---|---|---|---|
| 020 | |a 0706988523 | ||
| 041 | |a eng | ||
| 082 | |a 370.78 N7;2 | ||
| 100 | |a Koul, Lokesh |9 127835 | ||
| 245 | |a Methodology of educational research | ||
| 250 | |a Ed.3 rev | ||
| 260 | |a New Delhi, Vikas Publishing House Pvt Ltd | ||
| 260 | |a 1997 | ||
| 465 | |a R 110 | ||
| 650 | |a Educational Research |9 127836 | ||
| 650 | |a Methodology |9 127837 | ||
| 942 | |c BK | ||
| 999 | |c 170736 |d 170732 | ||
| 952 | |0 0 |1 0 |4 0 |7 0 |9 169132 |a SPS |b SPS |d 2019-04-16 |l 0 |p SPS03054 |r 2019-04-16 |w 2019-04-16 |y BK | ||